Quizzes
Events
Quiz Creation
Community
Videos
Private Events
Remove Ads
Sign In
Join for FREE
Feedback
Dark Mode
Quiz Categories
Sports
Geography
Music
Movies
Television
Just For Fun
Miscellaneous
History
Literature
Language
Science
Gaming
Entertainment
Religion
Holiday
For Kids
Quiz Lab
Recent
Popular Today
Quiz Kudos Today
Editor Picks
Curator Picks
Quizzes by...
Day
Popularity
Type
Ratings
Length
Year
Community
Subscriptions
Recent Discussions
Orange Saloon
Badges
Playlists
Quests
Create
Leaderboards
Showdown
Live 5
Trivia Bingo
Activity
Puzzle Library
Sporcle Events
Private Events
Virtual Trivia
Globe League
Become a Host
Pub Owners
SporcleCon
Opinionation
Our Games
Videos
Blog
Mobile Apps
Partnerships
Remove Ads and Go Orange
Feedback
Just For Fun
Clickable
Get the Picture
Humor
Quick Pick
Word Ladder
Missing Word
Mixed Word
Blitz
Minefield
This or That
Alphabet
Color
Typing
Sporcle
Puzzle
Word Play
Follow That Line
Logic
Just For Fun
Clickable
Get the Picture
Humor
Quick Pick
Word Ladder
Missing Word
Mixed Word
Blitz
Minefield
This or That
Alphabet
Color
Typing
Sporcle
Puzzle
Word Play
Follow That Line
Logic
Random Quiz
Search Sporcle
×
Quiz Lab
Quiz Lab
Just For Fun
stop
Type in answers that appear in a list
Type in answers that appear in a list
Classic
Best Score? Go Orange.
Start, Stop or Slow Stats
Can you type the word Start, Stop or Slow when prompted?
By
superman5677
60s
60 Questions
30 Plays
30 Plays
30 Plays
Comments
Comments
Give Quiz Kudos
Give Quiz Kudos
-
- Ratings
hide this ad
No Skip
Answers have to be entered in order without skipping
Answers have to be entered in order without skipping
Replay
Link that replays current quiz
Next Quiz
Link to next quiz in quiz playlist
You Got
0%
They Got
Avg Score
63%
Avg Friend Score
Upgrade to see
Score Distribution
Jump to the score distribution portion of the page
Score
0/60
Timer
01:00
0
Plays Today
Start, Stop or Slow
Answer
% Correct
?
???
100%
?
???
100%
?
???
100%
?
???
100%
?
???
96.7%
?
???
96.7%
?
???
96.7%
?
???
96.7%
?
???
96.7%
?
???
96.7%
?
???
96.7%
?
???
96.7%
?
???
93.3%
?
???
93.3%
?
???
93.3%
?
???
93.3%
?
???
93.3%
?
???
93.3%
?
???
93.3%
?
???
93.3%
?
???
90%
?
???
90%
?
???
90%
?
???
90%
?
???
90%
?
???
86.7%
?
???
80%
?
???
76.7%
?
???
76.7%
?
???
76.7%
Start, Stop or Slow
Answer
% Correct
?
???
73.3%
?
???
73.3%
?
???
73.3%
?
???
70%
?
???
63.3%
?
???
60%
?
???
53.3%
?
???
53.3%
?
???
40%
?
???
40%
?
???
40%
?
???
36.7%
?
???
33.3%
?
???
30%
?
???
30%
?
???
26.7%
?
???
26.7%
?
???
26.7%
?
???
23.3%
?
???
23.3%
?
???
23.3%
?
???
23.3%
?
???
23.3%
?
???
16.7%
?
???
16.7%
?
???
16.7%
?
???
13.3%
?
???
10%
?
???
10%
?
???
6.7%
Quiz Playlist
Details
Report
Send in Message
Add To Playlist
Classic:
Type in answers that appear in a list
No Skip:
Answers have to be entered in order without skipping
Last Updated: Mar 25, 2017
Quiz Scoreboard
CHALLENGE
Sign Up to Join the Scoreboard
Show All
Scores
Hide
Comments
May contain spoilers
Recently Published
College Basketball Coaching Resumes
by pancakes188
Sports
9m
Billboard Blitz: Fleetwood Mac
by CooCooCachoo
Music
15s
Presidents Visiting Landmarks
by Hejman
History
7m
More to Explore
Quiz From the Vault
Featured Blog Post
Where Did the Easter Bunny Come From?
hide this ad
You Might Also Like...
Tags
Prompted
Slow
start
stop
Today's Top Quizzes in Just For Fun
Browse Just For Fun
hide this ad
Today's Top Quizzes in stop
Browse stop
Top Contributed Quizzes in Just For Fun
1
Killer Double Trees 224 - Colour Match-Up
2
Spring Typing Challenge
3
Crossword Whiteout! 49
4
Zeroing In: Just For Fun
5
Survivor Winners Logic Puzzle
6
Harry Potter Logic - 'In Chains' II
7
Word Ladder: Ahoy Matey
8
Kyle's 122nd Triple Trees
9
Word Ladder: Wilderness Weapon
10
Name Just One - 10 to 1: Just For Fun
Explore More
Trending Topics
Disney
NBA
Anime
Kpop
Marvel
Crossword
Harry Potter
Puzzle
Soccer
WWE
The Office
Song
Country
Pokémon
NFL
hide this ad
More By:
superman5677
Quiz
Plays
Rating
Category
Featured
Created
Countries by Jeopardy Style Questions
537
4.14
Geography
Jan 15, 2017
Harry Potter Who said What?
415
4.64
Literature
Jan 18, 2017
Wheel of Fortune (Geography)
411
4.22
Geography
Feb 25, 2017
North American Countries in Size Order
251
5.00
Geography
Jan 16, 2017
Wheel of Fortune (Sports)
229
4.83
Sports
Feb 25, 2017
Go to Creator's Profile
Score Distribution
Quiz Creator Spotlight
superman5677
Follow
Send a Message
Quizzes Created
-
Created Quiz Play Count
-
More By This Creator
Popular Quizzes Today
1
Find the US States - No Outlines Minefield
2
Find the Countries of Europe - No Outlines Minefield
3
The Countries of the World
4
Find the US States
5
Risky Map Clicking: Biggest States A-Z
6
US States
7
Popular People in 1961
8
Movies - When Are They Set?
More Just For Fun Quizzes
Trees Logic Puzzle 138
Quiz Lab
Trending Quizzes
Risky Map Clicking: Least Populous States A-Z
1-10 Letter G Words
1-10 Letter F Words
Risky Map Clicking: Next State Alphabetically
Risky Map Clicking: Biggest States A-Z
Recently Updated
Leaping Animals
pecheneg
Reality TV Shows (A-Z)
bhenderson79
Rickey Henderson's Hall of Fame Teammates
pecheneg
Champions League XIs: Arsenal
pecheneg
Quick Pick: Celebrities in WWE's Hall of Fame
aduchscher
A-Z Keypad Blitz II
pecheneg
Multiple Oscar Actors
pecheneg
Mystery Phrase Blitz: Oscar 'Best Actors'
pecheneg
F. Scott Fitzgerald Novels
LTH
Pick 3 Villains
ddd62291
Trending Topics
Marvel
Anime
Harry Potter
Crossword
Disney
Kpop
NBA
Country
Song
WWE
NFL
The Office
Puzzle
Soccer
Pokémon
Your Account Isn't Verified!
In order to create a playlist on Sporcle, you need to verify the email address you used during registration. Go to your
Sporcle Settings
to finish the process.
Report this User
Report this user for behavior that violates our
Community Guidelines
.
Details:
Send Report
Go to the Sporcle.com Mobile Site →
Comments